[Event "TCh-CHN 2018"]
[Site "China CHN"]
[Date "2018.08.22"]
[Round "12.6"]
[Board "1"]
[White "Eljanov, Pavel"]
[Black "Lu, Shanglei"]
[Result "1/2-1/2"]
[WhiteTitle "GM"]
[BlackTitle "GM"]
[WhiteElo "2676"]
[BlackElo "2636"]
[WhiteTeam "Hangzhou Bank Team"]
[BlackTeam "Zhejiang Chess Team"]
[WhiteFideId "14102951"]
[BlackFideId "8603332"]
[EventDate "2018.04.11"]

1. d4 Nf6 2. c4 e6 3. Nc3 d5 4. Bg5 c6 5. e3 Nbd7 6. cxd5 exd5 7. Bd3 Be7 8. Qc2
Nf8 9. O-O-O Ne6 10. Bxf6 Bxf6 11. f4 g6 12. Nf3 Ng7 13. h3 Bf5 14. g4 Bxd3 15.
Rxd3 Be7 16. Kb1 Qd6 17. Re1 O-O 18. Ne5 f6 19. Nf3 Rae8 20. h4 Qe6 21. Rg1 Bb4
22. Ka1 Rf7 23. h5 gxh5 24. g5 Qf5 25. Qd1 Kh8 26. gxf6 Rxf6 27. Ne5 Bxc3 28.
Rxc3 Ne6 29. a3 h4 30. Rc2 Rg8 31. Rxg8+ Kxg8 32. Qg1+ Kh8 33. Rg2 Rf8 34. Rg4
h3 35. Qg3 h2 36. Qxh2 Rg8 37. Rh4 Rg7 38. Ka2 Nf8 39. Rh6 Kg8 40. Rd6 h5 41.
Rd8 a5 42. Ra8 h4 43. Nf3 Qd3 44. Ng5 Qc4+ 45. b3 Qf1 46. a4 b5 47. axb5 a4 48.
bxc6 h3 49. Qxh3 axb3+ 50. Kb2 Qe2+ 51. Kxb3 Qd3+ 52. Kb4 Qc4+ 53. Ka3 Qc3+ 54.
Ka2 Qc2+ 55. Ka3 Qc3+ 1/2-1/2

[Event "TCh-CHN 2018"]
[Site "China CHN"]
[Date "2018.08.22"]
[Round "12.6"]
[Board "2"]
[White "Ma, Qun"]
[Black "Xu, Minghui"]
[Result "1-0"]
[WhiteTitle "GM"]
[WhiteElo "2620"]
[BlackElo "2313"]
[WhiteTeam "Hangzhou Bank Team"]
[BlackTeam "Zhejiang Chess Team"]
[WhiteFideId "8603154"]
[BlackFideId "8606790"]
[EventDate "2018.04.11"]

1. c4 c5 2. Nf3 Nf6 3. d4 cxd4 4. Nxd4 g6 5. Nc3 d5 6. cxd5 Nxd5 7. Ndb5 Nxc3 8.
Qxd8+ Kxd8 9. Nxc3 Bg7 10. Bd2 Be6 11. O-O-O Ke8 12. e4 Nc6 13. Nd5 Rc8 14. Kb1
Bd4 15. Bf4 Be5 16. Be3 f6 17. Be2 h5 18. h4 Kf7 19. Nf4 Bxf4 20. Bxf4 Ne5 21.
b3 Rc6 22. Rc1 Rhc8 23. Rxc6 Rxc6 24. Rd1 a6 25. Kb2 Ke8 26. Rd4 Rc7 27. Rb4 Bc8
28. Bxe5 fxe5 29. Rb6 Rd7 30. Kc3 Rd6 31. Rxd6 exd6 32. Kb4 b6 33. a4 Bb7 34. f3
Ke7 35. Bc4 Ke8 36. a5 b5 37. Be6 Ke7 38. Bh3 Kd8 39. Be6 Ke7 40. Bh3 Kd8 41. g3
Ke7 42. Kc3 Kd8 43. Kb4 Bc6 44. Be6 Be8 45. Bd5 Kc7 46. f4 Bc6 47. fxe5 Bxd5 48.
exd5 dxe5 49. Kc5 Kd8 50. d6 Kd7 51. Kd5 e4 52. Kxe4 Kxd6 53. Kd4 Kc6 54. Ke5
Kc5 55. Kf6 Kb4 56. Kxg6 Kxb3 57. Kxh5 Ka4 58. g4 b4 59. g5 b3 60. g6 b2 61. g7
b1=Q 62. g8=Q Kxa5 63. Kh6 Qe4 64. h5 Kb4 65. Qf8+ Kc3 66. Qc5+ Kd2 67. Qf2+ Kd1
68. Kg5 Qd5+ 69. Qf5 Qg8+ 70. Kh4 Qd8+ 71. Kh3 Qd6 72. Qf1+ Kc2 73. Qf2+ 1-0

[Event "TCh-CHN 2018"]
[Site "China CHN"]
[Date "2018.08.22"]
[Round "12.6"]
[Board "3"]
[White "Gao, Rui"]
[Black "Lan, Zilun"]
[Result "1/2-1/2"]
[WhiteTitle "GM"]
[WhiteElo "2546"]
[BlackElo "2333"]
[WhiteTeam "Hangzhou Bank Team"]
[BlackTeam "Zhejiang Chess Team"]
[WhiteFideId "8602387"]
[BlackFideId "8604193"]
[EventDate "2018.04.11"]

1. e4 c6 2. d4 d5 3. exd5 cxd5 4. Bd3 Nc6 5. c3 Nf6 6. Bf4 Bg4 7. Qb3 Qc8 8. Nd2
e6 9. Ngf3 Nh5 10. Be5 Be7 11. Qc2 Bf5 12. O-O Bg6 13. Rfe1 O-O 14. Bxg6 hxg6
15. Qd3 Qd8 16. Nb3 Rc8 17. Qe2 Nf6 18. Bxf6 gxf6 19. g3 Kg7 20. Kg2 Rh8 21. Nc1
Bd6 22. Qb5 Qd7 23. Nd3 g5 24. h4 a6 25. Qb3 g4 26. Ng1 Ne7 27. Qd1 f5 28. Ne2
Ng6 29. Qd2 Qc7 30. Rh1 Rh5 31. Nef4 1/2-1/2

[Event "TCh-CHN 2018"]
[Site "China CHN"]
[Date "2018.08.22"]
[Round "12.6"]
[Board "4"]
[White "Zhu, Jiner"]
[Black "Batsiashvili, Nino"]
[Result "1/2-1/2"]
[WhiteTitle "WIM"]
[BlackTitle "GM"]
[WhiteElo "2379"]
[BlackElo "2465"]
[WhiteTeam "Zhejiang Chess Team"]
[BlackTeam "Hangzhou Bank Team"]
[WhiteFideId "8608059"]
[BlackFideId "13602993"]
[EventDate "2018.04.11"]

1. e4 c6 2. d4 d5 3. e5 c5 4. Nf3 cxd4 5. Nxd4 e6 6. f4 Nc6 7. c3 Nh6 8. Bd3 Qb6
9. Qb3 Bc5 10. Qxb6 Bxb6 11. Be3 f6 12. exf6 gxf6 13. h3 Nf7 14. Nd2 Bd7 15.
O-O-O O-O-O 16. Rde1 Nxd4 17. Bxd4 Bxd4 18. cxd4 Rdg8 19. g4 h5 20. Be2 Nd6 21.
Bf3 Kb8 22. Kb1 hxg4 23. hxg4 Rxh1 24. Rxh1 Bb5 25. Re1 Bd3+ 26. Ka1 Nb5 27. Nb3
Bc4 28. a4 Bxb3 29. axb5 Rc8 30. g5 fxg5 31. fxg5 Rg8 32. Rg1 Kc7 33. Be2 Kd6
34. Kb1 Rc8 35. Bd3 Bc4 36. Bxc4 Rxc4 37. b3 Rc8 38. Kb2 Rg8 39. Kc3 Rg6 40. Kd3
e5 41. dxe5+ Kxe5 42. Rg2 a6 43. bxa6 bxa6 44. b4 Kf5 45. Kd4 Rb6 46. g6 1/2-1/2

[Event "TCh-CHN 2018"]
[Site "China CHN"]
[Date "2018.08.22"]
[Round "12.6"]
[Board "5"]
[White "Ding, Yixin"]
[Black "Gu, Tianlu"]
[Result "1-0"]
[WhiteTitle "WGM"]
[BlackTitle "WIM"]
[WhiteElo "2429"]
[BlackElo "2231"]
[WhiteTeam "Zhejiang Chess Team"]
[BlackTeam "Hangzhou Bank Team"]
[WhiteFideId "8602972"]
[BlackFideId "8603995"]
[EventDate "2018.04.11"]

1. e4 e5 2. Nf3 Nc6 3. Nc3 Nf6 4. Be2 Bc5 5. Nxe5 Nxe5 6. d4 Bxd4 7. Qxd4 d6 8.
Bg5 Nc6 9. Qd2 h6 10. Bh4 g5 11. Bg3 Qe7 12. Nd5 Nxd5 13. exd5 Ne5 14. O-O-O Bd7
15. Qd4 a6 16. Rde1 b6 17. h4 Rg8 18. Bd3 O-O-O 19. Bxa6+ Kb8 20. Re3 f6 21.
hxg5 hxg5 22. f3 Rh8 23. Rhe1 Qe8 24. Rb3 Ka7 25. Bf2 Rb8 26. Bf1 Rb7 27. Ba6
Rb8 28. Be2 Rb7 29. Qb4 Qd8 30. a4 Rh2 31. a5 Rxg2 32. axb6+ cxb6 33. Qa5+ Kb8
34. Bxb6 1-0

[Event "TCh-CHN 2018"]
[Site "China CHN"]
[Date "2018.08.23"]
[Round "13.1"]
[Board "1"]
[White "Eljanov, Pavel"]
[Black "Li, Shilong"]
[Result "1-0"]
[WhiteTitle "GM"]
[BlackTitle "GM"]
[WhiteElo "2676"]
[BlackElo "2498"]
[WhiteTeam "Hangzhou Bank Team"]
[BlackTeam "Guangdong Ding Xin High Tech Team"]
[WhiteFideId "14102951"]
[BlackFideId "8600678"]
[EventDate "2018.04.11"]

1. d4 Nf6 2. c4 g6 3. Nc3 Bg7 4. e4 d6 5. Be2 O-O 6. Be3 c5 7. d5 e6 8. Nf3 exd5
9. cxd5 Bg4 10. Nd2 Bxe2 11. Qxe2 Na6 12. O-O Nc7 13. a4 Re8 14. Qf3 Qd7 15. h3
Reb8 16. Nc4 Nfe8 17. Bf4 b5 18. Nxb5 Nxb5 19. axb5 Rxb5 20. Ra6 Qb7 21. Rc6 Rb3
22. Qe2 Qb5 23. Qc2 Rb4 24. Nxd6 Nxd6 25. Bxd6 Rxb2 26. Qxc5 Qxc5 27. Bxc5 Rc2
28. Rd1 Be5 29. d6 Rd8 30. g3 Rd7 31. f4 Bb2 32. Rc7 Rd8 33. d7 Ba3 34. Rc8
Bxc5+ 35. Kh1 1-0

[Event "TCh-CHN 2018"]
[Site "China CHN"]
[Date "2018.08.23"]
[Round "13.1"]
[Board "2"]
[White "Bai, Jinshi"]
[Black "Zhao, Chenxi"]
[Result "1-0"]
[WhiteTitle "GM"]
[WhiteElo "2568"]
[BlackElo "2328"]
[WhiteTeam "Hangzhou Bank Team"]
[BlackTeam "Guangdong Ding Xin High Tech Team"]
[WhiteFideId "8602280"]
[BlackFideId "8611513"]
[EventDate "2018.04.11"]

1. d4 Nf6 2. c4 e6 3. g3 d5 4. Bg2 Be7 5. Nf3 O-O 6. O-O dxc4 7. Qc2 a6 8. a4
Bd7 9. Rd1 Bc6 10. Bg5 Nbd7 11. Nbd2 h6 12. Bxf6 Nxf6 13. Qxc4 a5 14. Ne5 Bxg2
15. Kxg2 Qd5+ 16. Kg1 c6 17. Rac1 Rfd8 18. e3 Nd7 19. Nd3 Nb6 20. Qc2 Qd7 21.
Qb3 Qc7 22. Ne4 Nd5 23. Ne5 Qb6 24. Qxb6 Nxb6 25. b3 Nd7 26. Nc4 Bb4 27. f4 Rab8
28. g4 Kf8 29. Kf2 Ke7 30. Kf3 Rdc8 31. Rc2 b5 32. Ne5 Nxe5+ 33. dxe5 Rb6 34. f5
bxa4 35. bxa4 f6 36. exf6+ gxf6 37. Nc5 Bxc5 38. Rxc5 Ra6 39. fxe6 Kxe6 40. Rdc1
Kf7 41. Rb1 Rc7 42. Rb8 Kg7 43. h3 Kg6 44. Rd8 Kf7 45. Rd6 Ke7 46. Rd4 Rb6 47.
Re4+ Kd6 48. Rf5 Rf7 49. Rd4+ Ke6 50. Re4+ Kd6 51. Ref4 Rb4 52. Rxa5 Rxf4+ 53.
Kxf4 Rb7 54. Rf5 Rb4+ 55. e4 Ke6 56. a5 Rb1 57. Rh5 Rf1+ 58. Ke3 Ra1 59. h4 Kf7
60. Rc5 Ra4 61. Kf4 Ra1 62. Rf5 Kg7 63. Ke3 Rg1 64. Kd4 Ra1 65. Kc3 Kg6 66. Kb4
Kg7 67. Rf3 Rb1+ 68. Kc4 Re1 69. Ra3 Rxe4+ 70. Kc5 h5 71. a6 1-0

[Event "TCh-CHN 2018"]
[Site "China CHN"]
[Date "2018.08.23"]
[Round "13.1"]
[Board "3"]
[White "Ma, Qun"]
[Black "Xu, Yinglun"]
[Result "1/2-1/2"]
[WhiteTitle "GM"]
[BlackTitle "GM"]
[WhiteElo "2620"]
[BlackElo "2531"]
[WhiteTeam "Hangzhou Bank Team"]
[BlackTeam "Guangdong Ding Xin High Tech Team"]
[WhiteFideId "8603154"]
[BlackFideId "8604940"]
[EventDate "2018.04.11"]

1. e4 c5 2. Nf3 d6 3. d4 cxd4 4. Nxd4 Nf6 5. Nc3 a6 6. Be3 e6 7. Be2 Be7 8. f4
O-O 9. g4 d5 10. e5 Nfd7 11. g5 b5 12. a3 Nb6 13. h4 Qc7 14. Rh3 N8d7 15. h5 Nc5
16. Bd3 Nba4 17. Nxa4 bxa4 18. h6 g6 19. b4 axb3 20. cxb3 Nxd3+ 21. Qxd3 Bd7 22.
Rh2 Rfc8 23. Rc2 Qb7 24. Rxc8+ Rxc8 25. Ke2 Kf8 26. a4 Ke8 27. Rc1 Rxc1 28. Bxc1
Bc5 29. Nf3 d4 30. Nd2 Bc6 1/2-1/2

[Event "TCh-CHN 2018"]
[Site "China CHN"]
[Date "2018.08.23"]
[Round "13.1"]
[Board "4"]
[White "Liu, Manli"]
[Black "Li, Ruofan"]
[Result "0-1"]
[BlackTitle "IM"]
[WhiteElo "2159"]
[BlackElo "2325"]
[WhiteTeam "Guangdong Ding Xin High Tech Team"]
[BlackTeam "Hangzhou Bank Team"]
[WhiteFideId "8608121"]
[BlackFideId "8600643"]
[EventDate "2018.04.11"]

1. e4 e5 2. Nf3 Nc6 3. Bc4 Bc5 4. d3 Nf6 5. c3 d6 6. O-O a6 7. Bb3 Ba7 8. Nbd2
O-O 9. h3 Be6 10. Re1 Bxb3 11. Qxb3 Rb8 12. a4 Nh5 13. Nf1 Qf6 14. Be3 Nf4 15.
Bxa7 Nxa7 16. Qd1 c5 17. Ne3 Nc6 18. Kh2 g6 19. Nd5 Nxd5 20. exd5 Ne7 21. d4
exd4 22. cxd4 cxd4 23. Re4 Nf5 24. Qd2 Rfe8 25. Rae1 Rxe4 26. Rxe4 b5 27. Qf4
Kg7 28. g4 bxa4 29. gxf5 Rxb2 30. fxg6 hxg6 31. Qxf6+ Kxf6 32. Kg3 Rb5 33. Rf4+
Kg7 34. Rxd4 Ra5 35. Rd2 a3 36. Ra2 Kf6 37. Kf4 Rxd5 38. Rxa3 a5 39. Ke4 Rc5 40.
Nd4 Kg5 41. Nb3 Rc3 42. Rxa5+ f5+ 43. Kd5 Rxb3 44. Kxd6 Rxh3 45. Ke6 Rb3 46. Ra4
Rf3 47. Ra2 Rf4 48. Kf7 Rg4 49. Ra6 Kh5 50. Ra8 Rb4 51. Ra6 g5 52. Kf6 Kg4 53.
Ra5 Rb6+ 54. Ke5 f4 55. Ra3 Rb5+ 56. Ke4 Rb8 57. f3+ Kg3 58. Kf5 Rb5+ 59. Ke4
Kh4 60. Rc3 Rb8 61. Rc1 Re8+ 62. Kf5 Re3 63. Rh1+ Kg3 64. Kxg5 Re5+ 65. Kf6 Ra5 0-1

[Event "TCh-CHN 2018"]
[Site "China CHN"]
[Date "2018.08.23"]
[Round "13.1"]
[Board "5"]
[White "Li, Xueyi"]
[Black "Batsiashvili, Nino"]
[Result "0-1"]
[BlackTitle "GM"]
[WhiteElo "2187"]
[BlackElo "2465"]
[WhiteTeam "Guangdong Ding Xin High Tech Team"]
[BlackTeam "Hangzhou Bank Team"]
[WhiteFideId "8605912"]
[BlackFideId "13602993"]
[EventDate "2018.04.11"]

1. d4 Nf6 2. Nf3 d5 3. c4 e6 4. g3 dxc4 5. Bg2 Bb4+ 6. Bd2 a5 7. Qc2 Bxd2+ 8.
Qxd2 c6 9. a4 Ne4 10. Qc2 Nd6 11. Na3 b5 12. O-O Ra7 13. e4 Ba6 14. Rfd1 b4 15.
e5 bxa3 16. exd6 axb2 17. Qxb2 Qxd6 18. d5 O-O 19. dxe6 Qxe6 20. Qb6 Qe7 21. Nd4
Qc7 22. Qc5 Nd7 23. Qxc6 Ne5 24. Qxc7 Rxc7 25. Nb5 Rc5 26. Nc3 Nd3 27. Rab1 Re5
28. Bb7 Bxb7 29. Rxb7 Rc8 30. Ra7 g5 31. f3 h5 32. Rb1 Nb4 33. Rd1 Re3 34. Ne4
Nc6 35. Rb7 Rxe4 36. fxe4 c3 37. Rd5 Nd4 38. Rxg5+ Kf8 39. Rxh5 Kg7 40. Rg5+ Kf6
41. Rg4 c2 42. Rf4+ Ke6 43. Rf1 c1=Q 44. Rxc1 Rxc1+ 45. Kf2 Rc4 46. Rb6+ Ke5 47.
h4 Rxa4 48. h5 Kxe4 49. Rf6 Ra2+ 50. Kf1 Rh2 51. h6 a4 52. Kg1 Rh5 53. Kg2 a3
54. Rf4+ Ke5 55. Rxf7 Rxh6 56. Ra7 Nc2 57. Ra5+ Kd4 58. g4 Kc3 59. Kg3 Kb3 60.
g5 Rb6 61. Kf4 a2 0-1

[Event "TCh-CHN 2018"]
[Site "China CHN"]
[Date "2018.08.23"]
[Round "13.2"]
[Board "1"]
[White "Lu, Shanglei"]
[Black "Vallejo Pons, Francisco"]
[Result "1/2-1/2"]
[WhiteTitle "GM"]
[BlackTitle "GM"]
[WhiteElo "2636"]
[BlackElo "2694"]
[WhiteTeam "Zhejiang Chess Team"]
[BlackTeam "Chengdu Beilei Youth Chess Club"]
[WhiteFideId "8603332"]
[BlackFideId "2205530"]
[EventDate "2018.04.11"]

1. e4 c6 2. Nc3 d5 3. Nf3 dxe4 4. Nxe4 Nf6 5. Qe2 Bf5 6. d3 e6 7. Bd2 Be7 8. h3
Qb6 9. Nxf6+ Bxf6 10. Rb1 Qc5 11. g4 Bg6 12. g5 Bd8 13. Qe5 Qxe5+ 14. Nxe5 Nd7
15. Nxd7 Kxd7 16. b4 f6 17. h4 fxg5 18. hxg5 Rf8 19. Ke2 Bb6 20. f3 Rf5 21. Bh3
Re5+ 22. Kd1 Rf8 23. f4 Rd5 24. Bg2 Rdf5 25. Be4 R5f7 26. b5 e5 27. bxc6+ bxc6
28. Ke2 exf4 29. Kf3 Re8 30. a4 Rxe4 1/2-1/2

[Event "TCh-CHN 2018"]
[Site "China CHN"]
[Date "2018.08.23"]
[Round "13.2"]
[Board "2"]
[White "Xu, Minghui"]
[Black "Liu, Guanchu"]
[Result "1/2-1/2"]
[BlackTitle "IM"]
[WhiteElo "2313"]
[BlackElo "2432"]
[WhiteTeam "Zhejiang Chess Team"]
[BlackTeam "Chengdu Beilei Youth Chess Club"]
[WhiteFideId "8606790"]
[BlackFideId "8603901"]
[EventDate "2018.04.11"]

1. d4 Nf6 2. c4 e6 3. Nf3 b6 4. g3 Ba6 5. Qb3 Nc6 6. Nbd2 d5 7. Bg2 Bb7 8. O-O
Be7 9. cxd5 exd5 10. Ne5 O-O 11. Nxc6 Bxc6 12. Nf3 Bb7 13. Bf4 Ne4 14. Rac1 c5
15. dxc5 Bxc5 16. Rcd1 Qe7 17. Be3 Rfd8 18. Bxc5 Nxc5 19. Qc2 Rac8 20. Qd2 Ne4
21. Qd3 Nc5 22. Qd2 Ne4 23. Qd3 Nc5 24. Qd2 Ne4 25. Qd3 Nc5 1/2-1/2

[Event "TCh-CHN 2018"]
[Site "China CHN"]
[Date "2018.08.23"]
[Round "13.2"]
[Board "3"]
[White "Lan, Zilun"]
[Black "Xu, Xiangyu"]
[Result "0-1"]
[BlackTitle "GM"]
[WhiteElo "2333"]
[BlackElo "2565"]
[WhiteTeam "Zhejiang Chess Team"]
[BlackTeam "Chengdu Beilei Youth Chess Club"]
[WhiteFideId "8604193"]
[BlackFideId "8608288"]
[EventDate "2018.04.11"]

1. d4 e6 2. Nf3 b6 3. e4 Bb7 4. Bd3 c5 5. O-O cxd4 6. Nxd4 Nc6 7. Nxc6 Bxc6 8.
c4 Bc5 9. Nd2 Ne7 10. Nb3 Ba4 11. Bc2 Bxb3 12. Bxb3 O-O 13. Ba4 Nc6 14. Bf4 e5
15. Bxc6 dxc6 16. Bxe5 Re8 17. Bc3 Rxe4 18. Qf3 Qe7 19. Rae1 Re8 20. h3 Kf8 21.
Qh5 h6 22. Rxe4 Qxe4 23. Re1 Qxe1+ 24. Bxe1 Rxe1+ 25. Kh2 Bxf2 26. Qf5 Bg1+ 27.
Kg3 Re3+ 28. Kf4 Re6 29. Qd3 g6 30. h4 c5 31. Qd7 a5 32. b3 Kg7 33. Qd8 Bf2 34.
h5 gxh5 35. Kf3 Bd4 36. Qd5 Re3+ 37. Kf4 h4 38. Qb7 Rg3 39. Kf5 Bc3 40. Qc6 Bd2
41. Qf6+ Kh7 42. Qxf7+ Rg7 43. Qf6 Rxg2 44. Qe7+ Rg7 45. Qxh4 Rf7+ 46. Ke6 Bg5
47. Qe4+ Kg7 48. Qg2 Rf6+ 49. Kd5 Kh7 50. Qe4+ Kg7 51. Qg2 Rg6 52. Qh3 Be7 53.
Qc3+ Bf6 54. Qh3 h5 55. Ke4 Rg4+ 56. Kf5 Rg5+ 57. Kf4 Rg4+ 58. Kf5 Rg5+ 59. Kf4
h4 60. Qd7+ Kf8 61. Qd6+ Kf7 62. Qxb6 h3 63. Qb7+ Be7 64. Qf3 h2 65. Qh3 Rg1 66.
Qh5+ Kg7 67. Qe8 Re1 0-1

[Event "TCh-CHN 2018"]
[Site "China CHN"]
[Date "2018.08.23"]
[Round "13.2"]
[Board "4"]
[White "Nie, Xin"]
[Black "Zhu, Jiner"]
[Result "0-1"]
[BlackTitle "WIM"]
[WhiteElo "2227"]
[BlackElo "2379"]
[WhiteTeam "Chengdu Beilei Youth Chess Club"]
[BlackTeam "Zhejiang Chess Team"]
[WhiteFideId "8605610"]
[BlackFideId "8608059"]
[EventDate "2018.04.11"]

1. d4 f5 2. Nc3 Nf6 3. Bg5 d5 4. e3 Be6 5. Bd3 g6 6. h4 Bg7 7. Nh3 c6 8. Nf4 Bf7
9. h5 Nbd7 10. hxg6 hxg6 11. Rxh8+ Bxh8 12. Qf3 Bg7 13. Qg3 Nf8 14. Bh4 Ne4 15.
Bxe4 dxe4 16. a3 Qd6 17. Nfe2 Nd7 18. Qxd6 exd6 19. O-O-O Nf6 20. Nf4 Kd7 21.
Nh3 Rh8 22. Bg5 Rh5 23. Bf4 Ng4 24. d5 Ne5 25. dxc6+ bxc6 26. Ng5 Be8 27. g4 Rh4
28. gxf5 gxf5 29. Rg1 Bf6 30. Ne2 Ng4 31. f3 exf3 32. Nxf3 Rh3 33. Rg3 Rh5 34.
Nfd4 Nf2 35. Rg2 Nh3 36. Bh2 c5 37. Nb5 Ng5 38. Ng3 Rh7 39. Rf2 Be5 40. Nf1 Ne4
41. Rg2 Ke6 42. c4 a6 43. Nc3 Nxc3 44. Bxe5 Kxe5 45. bxc3 Rh1 46. Rf2 Bf7 47.
Kd2 Rg1 48. Kd3 Bg6 49. Ke2 Bh5+ 50. Kd3 Bg4 51. a4 Bh3 52. Nd2 Ra1 53. Nf3+ Kf6
54. Nd2 Rxa4 55. Ne4+ Ke5 56. Ng5 Bg4 57. Rh2 Kf6 58. Nh7+ Kg7 59. Ng5 a5 60.
Ne6+ Kf6 61. Rh6+ Ke7 62. Nc7 Ra2 63. Nd5+ Kf7 64. Rf6+ Kg7 65. e4 Be2+ 66. Ke3
Bxc4 67. Rxf5 a4 68. Rg5+ Kh6 69. Rf5 a3 70. Nb6 Re2+ 71. Kf3 a2 72. Nxc4 Rc2
73. Ne3 Rxc3 0-1

[Event "TCh-CHN 2018"]
[Site "China CHN"]
[Date "2018.08.23"]
[Round "13.2"]
[Board "5"]
[White "Dzagnidze, Nana"]
[Black "Ding, Yixin"]
[Result "1/2-1/2"]
[WhiteTitle "GM"]
[BlackTitle "WGM"]
[WhiteElo "2516"]
[BlackElo "2429"]
[WhiteTeam "Chengdu Beilei Youth Chess Club"]
[BlackTeam "Zhejiang Chess Team"]
[WhiteFideId "13601903"]
[BlackFideId "8602972"]
[EventDate "2018.04.11"]

1. Nf3 Nf6 2. c4 e6 3. b3 d5 4. Bb2 Be7 5. g3 c5 6. cxd5 exd5 7. d4 cxd4 8. Bg2
Bb4+ 9. Nbd2 Bc3 10. Qc1 Bxb2 11. Qxb2 d3 12. e3 Nc6 13. O-O O-O 14. b4 Qb6 15.
Rab1 Bf5 16. Rfc1 Rfe8 17. Bf1 Rac8 18. b5 Na5 19. Nd4 Bg6 20. Rxc8 Rxc8 21. Rc1
Qd8 22. Rxc8 Qxc8 23. Bxd3 Bxd3 24. Qa3 Bxb5 25. Nxb5 Nc6 26. Qc5 a6 27. Nd6 Qd7
28. e4 dxe4 29. N2xe4 Nxe4 30. Nxe4 h6 31. Nd6 Ne7 32. h4 Qc6 33. Qe5 Ng6 34.
Qd4 Qf3 35. a4 Nf8 36. a5 Ne6 37. Qe5 Qc6 38. Kf1 Qc5 39. Qxc5 Nxc5 40. Ke2 Kf8
41. Ke3 Ke7 42. Nc4 Ke6 43. Kd4 Nb3+ 44. Kc3 Nc5 45. Kd4 Nd7 46. Ke4 h5 47. f3
Nc5+ 48. Kd4 Nb3+ 49. Kc3 Nc1 50. Kd2 Na2 51. g4 hxg4 52. fxg4 Kd5 53. Ne3+ Ke4
54. Nf5 Kf4 55. Nxg7 Kxg4 56. h5 Kg5 57. Ne8 Kxh5 58. Nd6 Kg6 59. Nxb7 Kf5 60.
Nc5 Nb4 61. Kc3 Nd5+ 62. Kd4 Nc7 63. Nb7 Ke6 64. Kc5 Kd7 65. Kb6 f5 66. Nc5+ Kc8
67. Nd3 Kd7 68. Ne5+ Kc8 1/2-1/2

[Event "TCh-CHN 2018"]
[Site "China CHN"]
[Date "2018.08.23"]
[Round "13.3"]
[Board "1"]
[White "Dai, Changren"]
[Black "Bu, Xiangzhi"]
[Result "0-1"]
[WhiteTitle "IM"]
[BlackTitle "GM"]
[WhiteElo "2464"]
[BlackElo "2726"]
[WhiteTeam "Tianjin Team"]
[BlackTeam "Shandong Jingzhi Team"]
[WhiteFideId "8608156"]
[BlackFideId "8601445"]
[EventDate "2018.04.11"]

1. e4 c5 2. Nf3 d6 3. d4 cxd4 4. Nxd4 Nf6 5. Nc3 a6 6. Be3 e5 7. Nb3 Be7 8. f3
Be6 9. Qd2 O-O 10. O-O-O Qc7 11. g4 Rc8 12. g5 Nh5 13. Kb1 Nd7 14. Rg1 g6 15.
Qf2 Bf8 16. Nd5 Bxd5 17. Rxd5 Nf4 18. Bxf4 exf4 19. Bh3 Nb6 20. Rd3 Re8 21. Qd2
d5 22. exd5 Nc4 23. Qc1 Bg7 24. d6 Nxd6 25. Qxf4 Be5 26. Qg4 a5 27. a4 Nc4 28.
Rd7 Qc6 29. Qe4 Qxe4 30. fxe4 Nxb2 31. Nc5 b6 32. Nd3 Nxa4 33. Rf1 Nc3+ 34. Kc1
Nxe4 35. Nxe5 Rxe5 36. Rfxf7 Nxg5 37. Rg7+ Kh8 38. Bg2 Rg8 39. Bd5 Rc8 40. Bb3
Re4 41. Ra7 a4 42. Ba2 Rh4 43. Rgb7 Rxh2 44. Bb1 Ne4 45. Rxb6 Rh1+ 46. Kb2 Nc3 0-1

[Event "TCh-CHN 2018"]
[Site "China CHN"]
[Date "2018.08.23"]
[Round "13.3"]
[Board "2"]
[White "Wang, Yue"]
[Black "Wen, Yang"]
[Result "1/2-1/2"]
[WhiteTitle "GM"]
[BlackTitle "GM"]
[WhiteElo "2683"]
[BlackElo "2604"]
[WhiteTeam "Tianjin Team"]
[BlackTeam "Shandong Jingzhi Team"]
[WhiteFideId "8601429"]
[BlackFideId "8602956"]
[EventDate "2018.04.11"]

1. e4 e5 2. Nf3 Nc6 3. Bb5 a6 4. Ba4 Nf6 5. O-O Nxe4 6. d4 b5 7. Bb3 d5 8. dxe5
Be6 9. Qe2 Be7 10. Rd1 O-O 11. c4 bxc4 12. Bxc4 Bc5 13. Be3 Bxe3 14. Qxe3 Qb8
15. Bb3 Na5 16. Nbd2 Qa7 17. Qxa7 Rxa7 18. Nxe4 Nxb3 19. axb3 dxe4 20. Nd4 c5
21. Nxe6 fxe6 22. Rd6 Rb7 23. Rxe6 Rxb3 24. Ra2 e3 25. fxe3 Rxe3 26. Ra1 Re2 27.
Rf1 Rxf1+ 28. Kxf1 Rxb2 29. Rxa6 c4 30. Rc6 Rb5 31. Rxc4 Rxe5 1/2-1/2

[Event "TCh-CHN 2018"]
[Site "China CHN"]
[Date "2018.08.23"]
[Round "13.3"]
[Board "3"]
[White "Malakhov, Vladimir"]
[Black "Zhao, Jun"]
[Result "0-1"]
[WhiteTitle "GM"]
[BlackTitle "GM"]
[WhiteElo "2654"]
[BlackElo "2607"]
[WhiteTeam "Tianjin Team"]
[BlackTeam "Shandong Jingzhi Team"]
[WhiteFideId "4120787"]
[BlackFideId "8602522"]
[EventDate "2018.04.11"]

1. e4 c5 2. Nf3 d6 3. Bb5+ Nd7 4. d4 cxd4 5. Qxd4 a6 6. Bxd7+ Bxd7 7. Nc3 e5 8.
Qd3 h6 9. Nd2 Nf6 10. Nc4 Be6 11. Ne3 Be7 12. O-O Rc8 13. Rd1 Qc7 14. a4 O-O 15.
a5 Rfd8 16. Qe2 Rd7 17. Ncd5 Bxd5 18. exd5 Qd8 19. Nc4 Rdc7 20. b3 Rc5 21. Qf3
Rxc4 22. bxc4 Rxc4 23. Qb3 Qc8 24. Rb1 Ne4 25. Bd2 Nxd2 26. Rxd2 Bd8 27. Qxb7
Qxb7 28. Rxb7 Bxa5 29. Rd3 e4 30. Re3 Bb4 31. g4 Bc5 32. Re2 e3 33. fxe3 Rxg4+
34. Kf1 a5 35. Rf2 Bxe3 36. Rfxf7 a4 37. Rf3 Bc5 38. h3 Rg1+ 39. Ke2 Kh7 40. Rb5
Rg5 41. Ra5 Re5+ 42. Kf1 Re4 43. Rd3 Rc4 44. c3 Kg6 45. Rf3 Re4 46. Ra8 a3 47.
Ra5 Kg5 48. Ra8 g6 49. Rg3+ Kf5 50. Rf8+ Ke5 51. Re8+ Kxd5 52. Rxe4 Kxe4 53. Ke2
h5 54. Rf3 g5 55. Rf8 h4 56. Rf7 g4 57. hxg4 h3 58. Re7+ Kf4 59. Rf7+ Kg3 60. g5
h2 61. Rf1 Bg1 0-1

[Event "TCh-CHN 2018"]
[Site "China CHN"]
[Date "2018.08.23"]
[Round "13.3"]
[Board "4"]
[White "Huang, Qian"]
[Black "Khotenashvili, Bela"]
[Result "1/2-1/2"]
[WhiteTitle "WGM"]
[BlackTitle "GM"]
[WhiteElo "2444"]
[BlackElo "2477"]
[WhiteTeam "Shandong Jingzhi Team"]
[BlackTeam "Tianjin Team"]
[WhiteFideId "8602689"]
[BlackFideId "13602640"]
[EventDate "2018.04.11"]

1. d4 Nf6 2. Nf3 b6 3. g3 Bb7 4. Bg2 c5 5. O-O g6 6. c4 Bg7 7. Nc3 cxd4 8. Nxd4
Bxg2 9. Kxg2 Qc7 10. Qd3 Nc6 11. Bf4 Qb7 12. Nxc6 Rc8 13. f3 Rxc6 14. Rac1 O-O
15. Nd5 Nxd5 16. cxd5 Rc5 17. Rfd1 Rfc8 18. b3 Rxc1 19. Rxc1 Rxc1 20. Bxc1 b5
21. Qc2 f5 22. Qc5 Bf6 23. d6 exd6 24. Qxd6 Bg7 25. Be3 a6 26. Bd4 Bxd4 27. Qxd4
Qc6 28. Kf2 Qe6 29. h4 h5 30. Qc5 Kf7 31. Qd4 1/2-1/2